000 00961 a2200229 4500
001 216222526
003 UA-OsUOA
005 20220706101306.0
008 220627b un ||||| |||| 00| 0 ukr d
040 _aUA-OsUOA
_bukr
_cUA-OsUOA
_dUA-OsUOA
041 _aukr
080 _a94(477).156
090 _a94(477).156
_bП26
245 _aПерша українська школа ім. М. Грушевського — перший закордонний тбіліський колегіум Національного університету "Києво-Могилянська академія"
260 _c2006
_aТбілісі
300 _a19 с.
591 _bШкольна Олена
650 _2UDC
_a94(477).15 Українці за межами України
942 _cBR
_2udc
955 _a4
999 _c572668
_d572668